00679nam a22001697a 4500008004100000040005500041080002000096245004700116260004800163300001000211500009400221650001300315653001500328942001200343999001700355952013700372230501b |||||||| |||| 00| 0 eng d aNational Science LibrarycNational Science Library a54(082.2)bL2.1 aProceeding of the chemistry symposium 1972 a[s.l]bDepartment of Atomic Energy, c1972 a370p. 3Vol 1 Radioisotope techniques for chemical and biomedical............Radiation chemistry  aNuclear  aChemistry  2udccPR c25702d25702 0010406540822_L2170937753aNSLbNSLcGF/Rk-6/C-12/R-2d1974-04-29l0o54(082.2) L2.1p63649r2023-05-01 00:00:00w2023-05-01yPR